Statistics for NCAA Football Passing Records Quiz

Click here to take the quiz!

General Stats

  • This quiz has been taken 52 times
  • The average score is 11 of 34

Answer Stats

HintAnswer% Correct
Highest percentage of passes completed, season (2020 Alabama) 77.4%Mac Jones
90%
Highest passing efficiency rating, season (2020 Alabama) 203.1Mac Jones
90%
Highest passing efficiency rating, career (2017-2019 Alabama) 199.4Tua Tagovailoa
88%
Most touchdown passes, season (2019 LSU) 60Joe Burrow
76%
Most yards passing, game (2014 Washington State, 2016 Texas Tech) 734Connor Halliday, Patrick Mahomes
70%
Most touchdown passes, career (2007-2011 Houston) 155Case Keenum
60%
Most yards passing, career (2007-2011 Houston) 19,217Case Keenum
60%
Most passes completed, career (2007-2011 Houston) 1,546Case Keenum
60%
Lowest percentage of passes intercepted, career (2012-2014 Oregon) 1.20%Marcus Mariota
60%
Highest passing efficiency rating, game min. 50 attempts (2012 West Virginia) 248.0Geno Smith
48%
Most passes completed per game, season (2007 Texas Tech) 39.4Graham Harrell
42%
Most passes completed per game, career (2005-2008 Texas Tech) 31.2Graham Harrell
42%
Most passes completed, season (2007 Texas Tech) 512Graham Harrell
42%
Highest percentage of passes completed, career (2005-2007) 70.4%Colt Brennan
32%
Lowest percentage of passes intercepted, season min. 350 attempts (2009 Boise State) 0.70%Kellen Moore
32%
Most passes attempted, career (2000-2004 Hawaii) 2,436Timmy Chang
28%
Most passes intercepted, career (2000-2004 Hawaii) 80Timmy Chang
28%
Most passes attempted, season (2003 Texas Tech) 719B.J. Symons
16%
Most yards passing, season (2003 Texas Tech) 5,833B.J. Symons
16%
Most passes attempted, game (2013 Washington State) 89Connor Halliday
16%
Highest percentage of passes completed, game min. 30 completions (2017 Houston) 93.9%Kyle Allen
16%
Highest percentage of passes completed, game min. 40 completions (2011 Texas Tech) 90.6%Seth Doege
14%
Most passes completed, game (2008 Eastern Michigan, 2013 Washington State) 58Andy Schmitt, Connor Halliday
12%
Most consecutive games throwing touchdown pass (2011-2014 Marshall) 46Rakeem Cato
10%
Most touchdown passes, game (1990 Houston) 11David Klingler
8%
Most yards passing per game, season (1990 Houston) 467.3David Klingler
8%
Most consecutive completions in a single game (2011 Old Dominion) 26Dominique Davis
8%
Most consecutive completions in one or more games (2011 Old Dominion) 36Dominique Davis
8%
Highest passing efficiency rating, game min. 25 attempts (2003 Toledo) 317.4Bruce Gradkowski
4%
Highest percentage of passes completed, game min. 20 completions (2015 South Carolina) 96.0%Greyson Lambert
4%
Most passes intercepted, game (1969 Florida) 9John Reaves
4%
Highest passing efficiency rating, game min. 12 attempts (1980 Indiana) 403.4Tim Clifford
4%
Most consecutive pass attempts without an interception (2011-2012 Louisiana Tech) 444Colby Cameron
2%
Most pass attempts without an interception, game (2012 Houston) 77David Piland
2%

Score Distribution

Percentile by Number Answered

Percent of People with Each Score

Your Score History

You have not taken this quiz